000 00562nam a2200193Ia 4500
999 _c8659
_d8659
003 OSt
005 20201008115848.0
008 190216s9999||||xx |||||||||||||| ||und||
020 _a8176561630
040 _coclc
082 _a006.6869
_bWIT/M
100 _aWitherspoon, Coletta
_95461
245 0 _aMicrosoft Power Point 2000 Fast And Easy /
_cColetta Witherspoon
250 _a1st Ed.
260 _bBpb Publications,
_c1999.
_aNew Delhi:
300 _a370p
650 _aPhysics
942 _cBK
_2ddc
_h006.6869
_iWIT/M
_k006.6869
_mWIT/M